[Event "Hamburg HSK Christmas op 1st"]
[Site "Hamburg"]
[Date "2015.12.28"]
[Round "3"]
[White "Mueller Glewe, Martin"]
[Black "Schmid, Janusch"]
[Result "1/2-1/2"]
[WhiteElo "1810"]
[BlackElo "1920"]
[PlyCount "74"]
[EventDate "2015.12.27"]
[EventType "swiss"]
[EventRounds "7"]
[EventCountry "GER"]
[SourceTitle "EXT 2022"]
[Source "ChessBase"]
[SourceDate "2021.10.06"]
[SourceVersion "1"]
[SourceVersionDate "2021.10.06"]
[SourceQuality "1"]

1. c4 c5 2. g3 g6 3. Bg2 Bg7 4. Nc3 Nc6 5. a3 d6 6. e4 e5 7. Nge2 Nge7 8. 0-0 0-0 9. d3 Bg4 10. h3 Be6 11. Be3 Nd4 12. Bxd4 cxd4 13. Nd5 f5 14. f4 Qd7 15. Kh2 Rf7 16. Rc1 Raf8 17. Qc2 Bh6 18. Rcd1 g5 19. Nxe7+ Qxe7 20. exf5 Rxf5 21. g4 R5f6 22. f5 Bc8 23. Ng3 Rd8 24. Nh5 Rff8 25. Bd5+ Kh8 26. Rf2 b6 27. Qe2 Bb7 28. Qe4 Bxd5 29. Qxd5 Bg7 30. Nxg7 Kxg7 31. Rc1 Rc8 32. Rfc2 Rc5 33. Qe4 Rfc8 34. b4 R5c7 35. Qd5 Kf6 36. Qg2 Qf7 37. h4 h6 1/2-1/2